| Tag |
First Indicator |
Second Indicator |
Subfields |
| LEADER |
00000cgm a2200000Ii 4500 |
| 001 |
in00004436813 |
| 005 |
20210422111650.0 |
| 007 |
vd csaizk |
| 008 |
181016s2019 enk212 vceng d |
| 024 |
3 |
|
|a 5060000703733
|
| 028 |
4 |
2 |
|a EKA70373
|b Eureka! Classics
|
| 035 |
|
|
|a (OCoLC)on1237521332
|
| 035 |
|
|
|a (OCoLC)1237521332
|
| 040 |
|
|
|a TXA
|b eng
|e rda
|c TXA
|d UtOrBLW
|
| 043 |
|
|
|a a-cc-hk
|
| 049 |
|
|
|a TXAM
|
| 090 |
|
|
|a PN1995.9.H3
|b P78 2019
|
| 130 |
0 |
|
|a Project A ( Motion picture)
|
| 245 |
1 |
0 |
|a Project A /
|c a Golden Harvest presentation ; produced by Leonard K.C. Ho ; directed by Jackie Chan ; screenplay by Jackie Chan and Edward Tang. Project A, Part II / a Raymond Chow presentation ; producer, Leonard K.C. Ho ; screenplay, Edward Tang ; director, Jackie Chan.
|
| 246 |
3 |
|
|a Jackie Chan's Project A
|
| 246 |
3 |
1 |
|a Project A, part II
|
| 246 |
3 |
1 |
|a Project A, part 2
|
| 246 |
3 |
1 |
|a Project A, part two
|
| 246 |
3 |
1 |
|a Jackie Chan's Project A, part 2
|
| 246 |
1 |
|
|i Also known as:
|a Project A2
|
| 250 |
|
|
|a Limited edition.
|
| 264 |
|
1 |
|a [London?] :
|b Eureka! Classics :
|b Eurika Entertainment, Ltd.,
|c [2019]
|
| 300 |
|
|
|a 2 videodiscs (106 min., 106 min.) :
|b sound, color ;
|c 4 3/4 in.
|
| 336 |
|
|
|a text
|b txt
|2 rdacontent
|
| 337 |
|
|
|a unmediated
|b n
|2 rdamedia
|
| 338 |
|
|
|a volume
|b nc
|2 rdacarrier
|
| 347 |
|
|
|a video file
|b Blu-Ray
|e region B
|d 1080p High-Definition
|2 rda
|
| 380 |
|
|
|a Motion picture.
|
| 500 |
|
|
|a Dates from packaging and menu copyright on disc surfaces and container.
|
| 538 |
|
|
|a Blu-ray discs, region B ; 1080p HD ; aspect ratio: 2.35:1 ; restored DTS-HD MA 5.1 or original LPCM Mono audio options ; requires Blu-ray player.
|
| 546 |
|
|
|a In original Chinese (Cantonese) or dubbed English; with optional English subtitles.
|
| 511 |
1 |
|
|a Project A: Jackie Chan, Sammo Hung.
|
| 511 |
1 |
|
|a Project A2: Jackie Chan, Maggie Cheung, David Lam, Rosamund Kwan.
|
| 508 |
|
|
|a Photography, Cheung Yiu Jo ; music, Michael Lai, Nicholas Rivera ; editor, Peter Cheung.
|
| 508 |
|
|
|a Project A2: Director of photography, Yiu Jo Cheung ; editor, Peter Cheung.
|
| 500 |
|
|
|a Project A: Originally released as a motion picture in 1983.
|
| 500 |
|
|
|a Project A2: Originally released as a motion picture in 1987.
|
| 520 |
|
|
|a Project A: Jackie plays Sergeant Dragon Ma, a turn-of-the-century coastguard, hot on the trail of a ruthless band of cut-throat pirates, intent on spreading a trail of blood and mayhem across the South China Seas.
|
| 520 |
|
|
|a Project A2: After the events of the first film, Dragon Ma is given a new assignment, to clean up crime and corruption in the roughest part of town.
|
| 521 |
8 |
|
|a Rating: 15+
|
| 500 |
|
|
|a Wide screen (2.35:1).
|
| 500 |
|
|
|a Special features include: A new video interview with Asian cinema expert Tony Rayns ; Archival interview with Jackie Chan [30 mins] ; Interview with actor Lee Hoi San [22 mins] ; Interview with actor Yuen Biao [18 mins] ; Interview with actor Yuen Biao [18 mins] ; Interview with actor Michael Chan Wai-Man [20 mins] ; Interview with composer Michael Lai [17 mins] ; Interview with stuntman Mars [15 mins] ; Someone Will Know Me [13 mins] - an archival featurette which includes interviews with stuntmen Mars, Chris Lee Kin-Sang and Rocky Lai ; Alternate outtakes for Project A from the Japanese version of the film ; Archival behind-the-scenes footage ; deleated scenes, rare archival content.
|
| 500 |
|
|
|a "Presented from brand new 2K restorations and fully uncut, Eureka Classics is proud to present Jackie Chan's Project A and Project A Part II for the first time on Blu-ray in the UK in a special Limited Edition Box Set packed with extra content."--Publisher.
|
| 586 |
|
|
|a Project A: Hong Kong Film Awards, 1985: Hong Kong Film Award in Best Action Choreography.
|
| 586 |
|
|
|a Project A2: Hong Kong Film Awards, 1988: Hong Kong Film Award in Best Action Choreography.
|
| 651 |
|
0 |
|a Hong Kong (China)
|v Drama.
|
| 650 |
|
0 |
|a Pirates
|z China
|z Hong Kong
|v Drama.
|
| 650 |
|
0 |
|a Martial artists
|v Drama.
|
| 650 |
|
0 |
|a Police
|z China
|z Hong Kong
|v Drama.
|
| 650 |
|
0 |
|a Police corruption
|z China
|z Hong Kong
|v Drama.
|
| 650 |
|
0 |
|a Revolutionaries
|z China
|z Hong Kong
|v Drama.
|
| 655 |
|
7 |
|a Martial arts films.
|2 lcgft
|0 http://id.loc.gov/authorities/genreForms/gf2011026388
|
| 655 |
|
7 |
|a Feature films.
|2 lcgft
|0 http://id.loc.gov/authorities/genreForms/gf2011026247
|
| 655 |
|
7 |
|a Comedy films.
|2 lcgft
|0 http://id.loc.gov/authorities/genreForms/gf2011026147
|
| 655 |
|
7 |
|a Video recordings for the hearing impaired.
|2 lcgft
|0 http://id.loc.gov/authorities/genreForms/gf2011026725
|
| 655 |
|
7 |
|a Foreign films.
|2 local
|
| 655 |
|
7 |
|a Motion pictures, Chinese.
|2 local
|
| 700 |
1 |
|
|a Ho, Leonard K. C.,
|e film producer.
|0 http://id.loc.gov/authorities/names/no96055098
|
| 700 |
1 |
|
|a Chow, Raymond,
|d 1927-2018,
|e film producer.
|0 http://id.loc.gov/authorities/names/no96052897
|
| 700 |
1 |
|
|a Tang, Edward,
|e screenwriter.
|0 http://id.loc.gov/authorities/names/n95000932
|
| 700 |
1 |
|
|a Cheng, Long,
|d 1954-
|e actor,
|e film director,
|e screenwriter.
|0 http://id.loc.gov/authorities/names/no96039667
|
| 700 |
1 |
|
|a Zhang, Manyu,
|e actor.
|0 http://id.loc.gov/authorities/names/n95000954
|
| 700 |
1 |
|
|a Lam, David,
|e actor.
|0 http://id.loc.gov/authorities/names/no2006075498
|
| 700 |
1 |
|
|a Kwan, Rosamund,
|e actor.
|0 http://id.loc.gov/authorities/names/no2003082635
|
| 710 |
2 |
|
|a Golden Harvest (Firm),
|e production company.
|0 http://id.loc.gov/authorities/names/no96054035
|
| 710 |
2 |
|
|a Eureka Classics (Firm),
|e publisher,
|e film distributor.
|
| 730 |
0 |
|
|i Container of (work):
|a A gai waak (Motion picture)
|
| 730 |
0 |
|
|i Container of (expression):
|a A gai waak ( Motion picture).
|l English.
|
| 730 |
0 |
|
|i Container of (work):
|a 'A' gai waak juk jaap (Motion picture)
|
| 730 |
0 |
|
|i Container of (expression):
|a 'A' gai waak juk jaap (Motion picture).
|l English.
|
| 948 |
|
|
|a cataloged
|b h
|c 2021/2/13
|d o
|e tchubaryan
|f 7:47:25 pm
|
| 994 |
|
|
|a C0
|b TXA
|
| 999 |
f |
f |
|s ab0ff56b-2903-36cd-b1f1-8c8969a4695a
|i 11989d3e-be8d-3899-86a2-8bcbe21aa035
|t 0
|
| 952 |
f |
f |
|p 7_day
|a Texas A&M University
|b College Station
|c Sterling C. Evans Library
|d Evans: Media and Reserves (Annex 1st floor)
|t 0
|e PN1995.9.H3 P78 2019
|h Library of Congress classification
|i unmediated -- volume
|m A14850682460
|
| 998 |
f |
f |
|a PN1995.9.H3 P78 2019
|t 0
|l Evans: Media and Reserves (Annex 1st floor)
|